00728nam a22001937a 4500999001900000005001700019010001500036020003000051035001400081037001300095082001300108100001500121245007400136260004500210270006600255300006500321942002700386952012100413 c176415d17641520201222121739.0 aENG-128701 a978-0-19-948817-9c550.00 aEN-112233 bDBAD/PUB a954.8204 aNarayan, S aThe Dravidian Years: Politics, and Welfare in Tamil Nadu/bS. Narayan aNew DelhibOxford University Pressc2018 bNew Delhie110002a2/11, Ground Floor, Ansari Road, Daryaganj axxiii+262p.c22cm(hbk)bIncluding bibliographical refernces. 2ddccENh954.8204mNAR 001040708NFICaLbLd2020-12-22eDBAD/PUBg550.00l0o954.8204 NARpEN-112233r2020-12-22 00:00:00t1v550.00yEN